[Event "271th YMCA Winter A"]
[Site "Warsaw"]
[Date "2023.02.08"]
[Round "5"]
[White "Safanowski, Tomasz"]
[Black "Sternik, Piotr"]
[Result "1-0"]
[WhiteElo "1704"]
[BlackElo "1793"]
[PlyCount "189"]
[EventDate "2023.01.13"]
[EventType "tourn"]
[EventRounds "1"]
[EventCountry "POL"]
[SourceDate "2023.01.12"]

1. f4 d5 2. Nf3 Nf6 3. e3 Bf5 4. b3 e6 5. Bb2 Nbd7 6. Be2 Bd6 7. O-O O-O 8. d3
h6 9. Qe1 c6 10. Ne5 Bc5 11. Qg3 Nxe5 12. fxe5 Nd7 13. Kh1 Bg6 14. Bg4 Be7 15.
Nc3 Bh4 16. Qf4 Bg5 17. Qg3 h5 18. Bh3 h4 19. Qf2 Nxe5 20. Ne2 Nd7 21. Ng1 Bh5
22. Nf3 Be7 23. e4 Bxf3 24. gxf3 Bf6 25. d4 g6 26. e5 Bg7 27. Rg1 c5 28. c3
cxd4 29. cxd4 Rc8 30. Bc1 Qc7 31. Qxh4 Qc3 32. Bh6 Qxf3+ 33. Bg2 Qd3 34. Rad1
Qe2 35. Rd2 Qb5 36. Bf1 Qc6 37. Bd3 Rc7 38. Rg3 Qc1+ 39. Kg2 Rfc8 40. Rh3 Rc2
41. Bxc2 Rxc2 42. Rhd3 Bxh6 43. Qxh6 Rxa2 44. Kf2 Ra1 45. Qg5 Qe1+ 46. Kf3 Qe4+
47. Kf2 Qe1+ 48. Kf3 Qf1+ 49. Kg4 Qh1 50. Rg3 Rf1 51. Qe3 Kg7 52. Rf2 Re1 53.
Qf3 Re4+ 54. Kh3 Qxf3 55. Rgxf3 f5 56. exf6+ Kf7 57. Rc2 g5 58. Kg2 Rg4+ 59.
Kf1 Nxf6 60. Rcf2 Rf4 61. Rxf4 gxf4 62. Rxf4 Kg6 63. Rh4 Nh5 64. Rg4+ Kf5 65.
h3 a5 66. Kf2 b5 67. Kf3 a4 68. bxa4 bxa4 69. Rg8 Nf6 70. Ra8 Ne4 71. Rxa4 Ng5+
72. Kg2 Ne4 73. Ra8 Nc3 74. Kf3 Nb5 75. Rf8+ Kg6 76. Ke3 Nd6 77. Kf4 Nc4 78. h4
Kg7 79. Ra8 Kf6 80. h5 Nb6 81. Rg8 Kf7 82. Rg1 Nd7 83. h6 Nf8 84. Rg7+ Kf6 85.
Rg8 Nh7 86. Rg7 Nf8 87. Kg4 Ng6 88. Rxg6+ Kxg6 89. Kf4 Kxh6 90. Ke5 Kg7 91.
Kxe6 Kf8 92. Kxd5 Ke7 93. Kc6 Kd8 94. Kd6 Ke8 95. Kc7 1-0

[Event "271th YMCA Winter A"]
[Site "Warsaw"]
[Date "2023.02.09"]
[Round "6"]
[White "Pettersson, Alexander"]
[Black "Safanowski, Tomasz"]
[Result "0-1"]
[WhiteElo "1878"]
[BlackElo "1704"]
[PlyCount "66"]
[EventDate "2023.01.13"]
[EventType "tourn"]
[EventRounds "1"]
[EventCountry "POL"]
[SourceDate "2023.01.12"]

1. d4 d5 2. c4 c6 3. cxd5 cxd5 4. Nc3 Nf6 5. Nf3 Nc6 6. Bf4 e6 7. e3 a6 8. Bd3
Be7 9. h3 h6 10. Rc1 Bd6 11. Bxd6 Qxd6 12. O-O O-O 13. Bb1 Rd8 14. Qd3 Bd7 15.
Rfd1 Rac8 16. e4 Nb4 17. Qe3 dxe4 18. Nxe4 Qe7 19. Nxf6+ Qxf6 20. Qb3 Rxc1 21.
Rxc1 Bc6 22. Qxb4 Bxf3 23. Rc3 Bc6 24. Bd3 $11 Qxd4 25. Qxd4 Rxd4 26. Bxa6 Rd1+
27. Kh2 Rd2 28. Kg3 Rxb2 29. Bc4 Kf8 30. Ra3 Ke7 31. Bb3 g5 32. Ra8 h5 33. f3
h4+ 0-1

[Event "271th YMCA Winter A"]
[Site "Warsaw"]
[Date "2023.02.14"]
[Round "6"]
[White "Kasperkiewicz, Pawel"]
[Black "Rylski, Tadeusz"]
[Result "0-1"]
[WhiteElo "1894"]
[BlackElo "1800"]
[PlyCount "64"]
[EventDate "2023.01.13"]
[EventType "tourn"]
[EventRounds "1"]
[EventCountry "POL"]
[SourceDate "2023.01.12"]

1. e4 e5 2. Bc4 Nc6 3. Nc3 Nf6 4. d3 Na5 5. Nge2 c6 6. a3 Nxc4 7. dxc4 Be7 8.
O-O O-O 9. b3 d6 10. Bb2 Be6 11. Ng3 Re8 12. Qe2 Qc7 13. Rad1 Rad8 14. h3 Nd7
15. Kh1 Nf8 16. Rd3 Ng6 17. Nh5 Bg5 18. Qf3 Rf8 19. Ng3 Nf4 20. Rdd1 Qd7 21.
Nce2 Qc8 22. c5 dxc5 23. Bxe5 Ng6 24. Qc3 Bxh3 25. Ng1 Nxe5 26. Nxh3 Bf6 27.
Nh5 Nd7 28. Nxf6+ Nxf6 29. Qxc5 Nxe4 30. Qxa7 Rxd1 31. Rxd1 Qg4 32. Qe3 Qxd1+
0-1

[Event "271th YMCA Winter A"]
[Site "Warsaw"]
[Date "2023.03.14"]
[Round "6"]
[White "Choroszej, Aleksander"]
[Black "Polak, Michal"]
[Result "1-0"]
[WhiteElo "2036"]
[BlackElo "1929"]
[PlyCount "105"]
[EventDate "2023.01.13"]
[EventType "tourn"]
[EventRounds "1"]
[EventCountry "POL"]
[SourceDate "2023.01.12"]

1. d4 Nf6 2. c4 e6 3. Nc3 Bb4 4. f3 d5 5. a3 Bxc3+ 6. bxc3 c5 7. cxd5 Nxd5 8.
dxc5 Qa5 9. e4 Nf6 10. Be3 Nfd7 11. Qb3 Qc7 12. Bb5 O-O 13. Qb4 a5 14. Qd4 a4
15. Ne2 Nc6 16. Bxc6 Qxc6 17. O-O Ra5 18. Qb4 Rb5 19. Qxa4 Nxc5 20. Qc4 Nb3 21.
Qxc6 bxc6 22. Rab1 e5 23. a4 Rb7 24. Nc1 Be6 25. Nxb3 Rxb3 26. Rxb3 Bxb3 27. a5
Ra8 28. Rb1 Bc4 29. Rb7 h6 30. Bb6 f6 31. Kf2 Ba6 32. Rd7 Kh7 33. Ke3 Kg6 34.
g3 h5 35. h4 Bc4 36. f4 exf4+ 37. gxf4 Re8 38. Kd4 Bf1 39. Bc7 Bg2 40. e5 Kf5
41. Rxg7 Bf1 42. Rf7 Kg4 43. Rxf6 Kxh4 44. Rxc6 Kg4 45. Rg6+ Kf3 46. f5 Rc8 47.
Bd6 Rc4+ 48. Kd5 Rxc3 49. e6 Rd3+ 50. Kc6 Rc3+ 51. Kd7 Bb5+ 52. Kd8 Ba6 53.
Rg3+ 1-0

[Event "271th YMCA Winter A"]
[Site "Warsaw"]
[Date "2023.02.07"]
[Round "6"]
[White "Mazurek, Jerzy"]
[Black "Terkiewicz, Bruno"]
[Result "0-1"]
[WhiteElo "1715"]
[BlackElo "1769"]
[PlyCount "86"]
[EventDate "2023.01.13"]
[EventType "tourn"]
[EventRounds "1"]
[EventCountry "POL"]
[SourceDate "2023.01.12"]

1. c4 e5 2. g3 Nf6 3. Bg2 d5 4. cxd5 Nxd5 5. Nc3 Nb6 6. Nf3 Nc6 7. O-O Be7 8.
d3 O-O 9. a3 Re8 10. b4 Bf8 11. Bb2 a5 12. b5 Nd4 13. e3 Nxf3+ 14. Bxf3 a4 15.
Rc1 Ra7 16. Qc2 Bh3 17. Rfe1 Qd7 18. Ne2 Qxb5 19. d4 Nd7 20. Be4 h6 21. dxe5
Nxe5 22. Nd4 Qb6 23. f4 Nc4 24. Bh7+ Kh8 25. Qxc4 Kxh7 26. Rc2 Re7 27. Qd3+ Kg8
28. Rec1 Ra8 29. Qc3 Rae8 30. Re2 c6 31. Ba1 Re4 32. Rce1 Qd8 33. Rb2 Qe7 34.
Nc2 Be6 35. Rb4 Bb3 36. Rxe4 Qxe4 37. Nb4 c5 38. Nd3 Bd5 39. Re2 Qh1+ 40. Kf2
Bf3 41. Rc2 Qg2+ 42. Ke1 Qg1+ 43. Kd2 Qxe3# 0-1

[Event "271th YMCA Winter A"]
[Site "Warsaw"]
[Date "2023.02.09"]
[Round "6"]
[White "Tsiapko, Andrii"]
[Black "Szymkiewicz, Witold"]
[Result "1-0"]
[WhiteElo "1651"]
[BlackElo "1697"]
[PlyCount "71"]
[EventDate "2023.01.13"]
[EventType "tourn"]
[EventRounds "1"]
[EventCountry "POL"]
[SourceDate "2023.01.12"]

1. d4 Nf6 2. Nf3 d5 3. c4 c6 4. Nbd2 Bf5 5. Nh4 Bg6 6. Qb3 Qb6 7. Qh3 Nbd7 8.
Nxg6 fxg6 9. e3 c5 10. cxd5 cxd4 11. e4 Ne5 12. Be2 e6 13. f4 exd5 14. fxe5
Nxe4 15. Qd3 Bb4 16. Bf3 Rf8 17. O-O Bxd2 18. Bxd2 Qxb2 19. Rab1 Qxd2 20. Qb5+
Ke7 21. Qxb7+ Ke6 22. Bg4+ Rf5 23. Bxf5+ gxf5 24. Qxa8 Qe3+ 25. Kh1 Kxe5 26.
Qe8+ Kd6 27. Qb8+ Ke6 28. Qc8+ Kd6 29. Qxf5 Qh6 30. Qf8+ Ke6 31. Rf3 Nd2 32.
Re1+ Ne4 33. Ra3 Ke5 34. Rxa7 d3 35. Qe7+ Kf4 36. Qc7+ 1-0

[Event "271th YMCA Winter A"]
[Site "Warsaw"]
[Date "2023.02.08"]
[Round "7"]
[White "Terkiewicz, Bruno"]
[Black "Tsiapko, Andrii"]
[Result "0-1"]
[WhiteElo "1769"]
[BlackElo "1651"]
[PlyCount "72"]
[EventDate "2023.01.13"]
[EventType "tourn"]
[EventRounds "1"]
[EventCountry "POL"]
[SourceDate "2023.01.12"]

1. d4 d5 2. c4 e6 3. Nc3 Nf6 4. cxd5 exd5 5. Bg5 Be7 6. e3 c6 7. Bd3 Nbd7 8.
Qc2 Nh5 9. Bxe7 Qxe7 10. Nge2 g6 11. O-O O-O 12. Rab1 a5 13. a3 Nb6 14. Na4
Nxa4 15. Qxa4 Bd7 16. Nc3 Ng7 17. Rfe1 Bf5 18. Qc2 Bxd3 19. Qxd3 Nf5 20. b4 Nd6
21. b5 Nc4 22. a4 f5 23. Rb3 f4 24. e4 f3 25. g3 Qg5 26. Rd1 Nd6 27. bxc6 bxc6
28. h4 Qh5 29. exd5 cxd5 30. Rb6 Rad8 31. Re1 Nf5 32. Re5 Qg4 33. Nxd5 Nxg3 34.
Rg5 Ne2+ 35. Kf1 Qh3+ 36. Ke1 Qh1+ 0-1

[Event "271th YMCA Winter A"]
[Site "Warsaw"]
[Date "2023.02.24"]
[Round "7"]
[White "Polak, Michal"]
[Black "Mazurek, Jerzy"]
[Result "0-1"]
[WhiteElo "1929"]
[BlackElo "1715"]
[PlyCount "76"]
[EventDate "2023.01.13"]
[EventType "tourn"]
[EventRounds "1"]
[EventCountry "POL"]
[SourceDate "2023.01.12"]

1. d4 Nf6 2. Nf3 g6 3. g3 Bg7 4. Bg2 O-O 5. O-O d6 6. b3 c5 7. Bb2 Nfd7 8. Qc1
Nc6 9. d5 Bxb2 10. Qxb2 Nce5 11. Nxe5 Nxe5 12. c4 g5 13. Qd2 f6 14. Nc3 Bd7 15.
Rae1 a6 16. f4 gxf4 17. gxf4 Ng6 18. Rf3 Kh8 19. Bh3 Rg8 20. Bxd7 Nh4+ 21. Rg3
Qxd7 22. Kf2 Rxg3 23. hxg3 Qh3 24. Rf1 Rg8 25. Ne4 Qg2+ 26. Ke1 Nf5 27. Qd3
Nxg3 28. Rf3 Nxe4 29. Qxe4 Qh1+ 30. Kd2 Rg7 31. Qe6 Qb1 32. Qc8+ Rg8 33. Qxb7
Qxa2+ 34. Ke3 Qb2 35. Kd3 Rg2 36. Qxe7 Qxb3+ 37. Kd2 Qb2+ 38. Ke1 Qc1# 0-1

[Event "271th YMCA Winter A"]
[Site "Warsaw"]
[Date "2023.03.15"]
[Round "7"]
[White "Rylski, Tadeusz"]
[Black "Choroszej, Aleksander"]
[Result "1/2-1/2"]
[WhiteElo "1800"]
[BlackElo "2036"]
[PlyCount "128"]
[EventDate "2023.01.13"]
[EventType "tourn"]
[EventRounds "1"]
[EventCountry "POL"]
[SourceDate "2023.01.12"]

1. e4 g6 2. d4 Bg7 3. Nf3 d6 4. c3 Nf6 5. Bd3 O-O 6. O-O Nc6 7. Bg5 h6 8. Bh4
e5 9. dxe5 dxe5 10. Na3 g5 11. Bg3 Nh5 12. Bb5 Nxg3 13. hxg3 Qf6 14. Qe2 a6 15.
Ba4 b5 16. Bb3 Na5 17. c4 c6 18. Nc2 Be6 19. Ne3 Rfd8 20. Rfd1 Rxd1+ 21. Rxd1
Rd8 22. cxb5 Nxb3 23. axb3 axb5 24. Rd3 Qe7 25. Qd2 Rxd3 26. Qxd3 Qb4 27. Nd2
Qd4 28. Qc2 Bf8 29. Nf3 Qd6 30. Nf5 Bxf5 31. exf5 e4 32. Qxe4 Qd1+ 33. Kh2 Qxb3
34. Qe5 Qd5 35. Qe8 Qxf5 36. Qxc6 b4 37. Qc4 Qf6 38. b3 Qb2 39. Kg1 Qa1+ 40.
Kh2 Qc3 41. Qd5 Qc2 42. Nd2 Qc5 43. Qf3 Qc3 44. Qd5 Qc5 45. Qxc5 Bxc5 46. Ne4
Be7 47. g4 Kg7 48. Kg3 Kg6 49. Kf3 f5 50. gxf5+ Kxf5 51. Ke3 Ke5 52. f3 Kd5 53.
Kd3 Bd8 54. Nf2 h5 55. Ne4 g4 56. fxg4 hxg4 57. Nf2 g3 58. Ne4 Bc7 59. Ke3 Be5
60. Nd2 Bd4+ 61. Kd3 Bb6 62. Nf3 Bc5 63. Nd2 Bb6 64. Nf3 Bc5 $11 1/2-1/2

[Event "271th YMCA Winter A"]
[Site "Warsaw"]
[Date "2023.02.21"]
[Round "7"]
[White "Safanowski, Tomasz"]
[Black "Kasperkiewicz, Pawel"]
[Result "1/2-1/2"]
[WhiteElo "1704"]
[BlackElo "1894"]
[PlyCount "54"]
[EventDate "2023.01.13"]
[EventType "tourn"]
[EventRounds "1"]
[EventCountry "POL"]
[SourceDate "2023.01.12"]

1. f4 d5 2. Nf3 g6 3. e3 Bg7 4. Be2 Nf6 5. d3 O-O 6. O-O c5 7. Nc3 Nc6 8. e4
dxe4 9. dxe4 Nd4 10. e5 Nxe2+ 11. Nxe2 Qxd1 12. Rxd1 Ne4 13. Be3 Be6 14. Nd2
Nxd2 15. Rxd2 b6 16. a4 Rfd8 17. Rxd8+ Rxd8 18. a5 f6 19. axb6 axb6 20. exf6
exf6 21. Nc3 Bf5 22. Ra6 Bxc2 23. Rxb6 c4 24. Kf2 f5 25. Rb7 Bf6 26. g3 h6 27.
h4 Bg7 $11 1/2-1/2

[Event "271th YMCA Winter A"]
[Site "Warsaw"]
[Date "2023.02.22"]
[Round "7"]
[White "Sternik, Piotr"]
[Black "Pettersson, Alexander"]
[Result "1/2-1/2"]
[WhiteElo "1793"]
[BlackElo "1878"]
[PlyCount "90"]
[EventDate "2023.01.13"]
[EventType "tourn"]
[EventRounds "1"]
[EventCountry "POL"]
[SourceDate "2023.01.12"]

1. e4 c6 2. d4 d5 3. f3 Qb6 4. Nc3 dxe4 5. fxe4 e5 6. Nf3 exd4 7. Nxd4 Bc5 8.
Na4 Qa5+ 9. c3 Be7 10. Bf4 Nf6 11. Bd3 O-O 12. O-O b5 13. Bxb8 bxa4 14. Bf4 a3
15. Qc2 axb2 16. Qxb2 Ba6 $11 17. Rad1 Bc5 18. Bxa6 Qxa6 19. Qc2 Rae8 20. Rfe1
Qc4 21. Kh1 Rd8 22. Qb3 Qxb3 23. axb3 Bxd4 24. cxd4 Rfe8 25. e5 Nd5 26. g3 Rb8
27. Rd3 Rb6 28. Ra1 Re7 29. Kg2 Reb7 30. Rb1 Kf8 31. Bc1 Ke7 32. Ba3+ Ke6 33.
Bc5 Rb5 34. Bf8 g6 35. Rc1 R7b6 36. Rf3 Ra6 37. Rcf1 Rb7 38. Bc5 $11 h5 39.
R1f2 Ra1 40. Rc2 Ra6 41. Rcf2 Ra5 42. b4 Ra4 43. Rc2 Ra6 44. Rcf2 Ra4 45. Rc2
Ra6 $11 1/2-1/2

[Event "271th YMCA Winter A"]
[Site "Warsaw"]
[Date "2023.02.28"]
[Round "8"]
[White "Kasperkiewicz, Pawel"]
[Black "Sternik, Piotr"]
[Result "0-1"]
[WhiteElo "1894"]
[BlackElo "1793"]
[PlyCount "98"]
[EventDate "2023.01.13"]
[EventType "tourn"]
[EventRounds "1"]
[EventCountry "POL"]
[SourceDate "2023.01.12"]

1. e4 c5 2. c3 d5 3. exd5 Qxd5 4. d4 cxd4 5. cxd4 Nc6 6. Nf3 Nf6 7. Nc3 Qa5 8.
d5 Nb4 9. Bb5+ Bd7 10. Bxd7+ Nxd7 11. O-O Nb6 12. d6 Rd8 13. Re1 e6 14. Ne4 Qd5
15. Qe2 Bxd6 16. Bg5 Be7 17. Rad1 Nd3 18. Bxe7 Kxe7 19. Qd2 Qb5 20. Qc3 Nxe1
21. Rxe1 Nd5 22. Qxg7 Rhg8 23. Qxh7 Qxb2 24. Qh4+ Kd7 25. g3 Kc8 26. Qh5 Rg6
27. a4 Rh8 28. Qe5 Qxe5 29. Nxe5 Rg7 30. Nd6+ Kb8 31. Nexf7 Rf8 32. Ne5 Rd8 33.
Ne4 Nb6 34. a5 Rd5 35. axb6 Rxe5 36. f4 Rf5 37. Nd6 Rxf4 38. Rxe6 axb6 39. Kg2
Rb4 40. Nf5 Rg5 41. Ne3 Rb2+ 42. Kf3 Rxh2 43. Kf4 Rg8 44. g4 Rf2+ 45. Ke4 b5
46. Kd4 Rg5 47. Re4 b6 48. Re8+ Ka7 49. Rd8 Rd2+ 0-1

[Event "271th YMCA Winter A"]
[Site "Warsaw"]
[Date "2023.02.28"]
[Round "8"]
[White "Choroszej, Aleksander"]
[Black "Safanowski, Tomasz"]
[Result "1-0"]
[WhiteElo "2036"]
[BlackElo "1704"]
[PlyCount "65"]
[EventDate "2023.01.13"]
[EventType "tourn"]
[EventRounds "1"]
[EventCountry "POL"]
[SourceDate "2023.01.12"]

1. d4 d5 2. c4 c6 3. Nc3 Nf6 4. Nf3 dxc4 5. a4 Bf5 6. e3 e6 7. Bxc4 Bb4 8. O-O
Nbd7 9. h3 Bg6 10. Bd3 Qe7 11. Bxg6 hxg6 12. Qb3 a5 13. e4 e5 14. Re1 exd4 15.
e5 Nc5 16. Qc4 Nd5 17. Bg5 Nb6 18. Qxd4 Ne6 19. Qxb6 Nxg5 20. Nxg5 Bxc3 21.
bxc3 Qxg5 22. Qxb7 O-O 23. Qxc6 Rac8 24. Qb5 Rxc3 25. Qxa5 Rfc8 26. Qb6 R8c6
27. Qb5 R6c5 28. Qe8+ Kh7 29. Rad1 Rc1 30. Qxf7 Rxd1 31. Rxd1 Rxe5 32. f4 Qh5
33. Rd8 1-0

[Event "271th YMCA Winter A"]
[Site "Warsaw"]
[Date "2023.03.03"]
[Round "8"]
[White "Mazurek, Jerzy"]
[Black "Rylski, Tadeusz"]
[Result "1/2-1/2"]
[WhiteElo "1715"]
[BlackElo "1800"]
[PlyCount "89"]
[EventDate "2023.01.13"]
[EventType "tourn"]
[EventRounds "1"]
[EventCountry "POL"]
[SourceDate "2023.01.12"]

1. e4 e5 2. Nf3 Nc6 3. Bb5 a6 4. Ba4 Nf6 5. O-O Be7 6. Re1 b5 7. Bb3 d6 8. c3
O-O 9. h3 Bb7 10. d4 Re8 11. Ng5 Rf8 12. Nf3 Re8 13. Nbd2 Bf8 14. a3 Nb8 15.
Bc2 Nbd7 16. b3 g6 17. Bb2 Bg7 18. Bd3 Nh5 19. Qc2 c5 20. d5 Nf4 21. Bf1 f5 22.
c4 bxc4 23. bxc4 Qf6 24. Qa4 Re7 25. Rab1 Rf7 26. Bc3 Rb8 27. Ba5 Nf8 28. Bb6
Bc8 29. Bd8 Qxd8 30. Rxb8 fxe4 31. Rxe4 Qc7 32. Rb2 Bf5 33. Ng5 Bxe4 34. Nxf7
Bxg2 35. Bxg2 e4 36. Qc6 Qxf7 37. Rb7 Qf5 38. Qe8 Be5 39. Rb8 e3 40. fxe3 Ne2+
41. Kh1 Ng3+ 42. Kg1 Ne2+ 43. Kh1 Ng3+ 44. Kg1 Ne2+ 45. Kh1 1/2-1/2

[Event "271th YMCA Winter A"]
[Site "Warsaw"]
[Date "2023.03.03"]
[Round "8"]
[White "Tsiapko, Andrii"]
[Black "Polak, Michal"]
[Result "0-1"]
[WhiteElo "1651"]
[BlackElo "1929"]
[PlyCount "128"]
[EventDate "2023.01.13"]
[EventType "tourn"]
[EventRounds "1"]
[EventCountry "POL"]
[SourceDate "2023.01.12"]

1. d4 Nf6 2. c4 e6 3. g3 Bb4+ 4. Bd2 Be7 5. Bg2 d5 6. Nf3 O-O 7. O-O c6 8. Qc2
b6 9. Bf4 Bb7 10. Rd1 Na6 11. b3 c5 12. Nc3 cxd4 13. Nxd4 Qc8 14. cxd5 Nb4 15.
Qb2 Nbxd5 16. Nxd5 Bxd5 17. Rac1 Qa6 18. Rc7 Bxg2 19. Kxg2 Nd5 20. Rc4 Nxf4+
21. gxf4 Rac8 22. Rxc8 Qxc8 23. Qc2 Qxc2 24. Nxc2 Rd8 25. Rxd8+ Bxd8 26. Nd4
Bf6 27. Nc6 a5 28. Kf3 Kf8 29. Ke4 Ke8 30. Kd3 Bh4 31. f3 Bf2 32. Ne5 f6 33.
Nc4 Kd7 34. e3 Kc6 35. a4 Kc5 36. Ke2 Bh4 37. Kd3 Be1 38. Ke2 Bc3 39. Kd3 Bb4
40. Ke4 b5 41. axb5 Kxb5 42. Kd3 Bc5 43. Kc3 h5 44. h3 Be7 45. Nb2 Bb4+ 46. Kd4
Bc5+ 47. Ke4 Bb6 48. Nd3 g6 49. Nb2 Kb4 50. Nc4 Bc7 51. Kd4 Kxb3 52. Kc5 a4 53.
Kb5 a3 54. Nxa3 Kxa3 55. Kc6 Bb8 56. Kb7 Kb3 57. Kxb8 Kc3 58. Kc7 Kd3 59. Kd6
Kxe3 60. Kxe6 Kxf4 61. Kxf6 g5 62. Kg6 h4 63. Kh5 Kxf3 64. Kxg5 Kg3 0-1

[Event "271th YMCA Winter A"]
[Site "Warsaw"]
[Date "2023.03.03"]
[Round "8"]
[White "Szymkiewicz, Witold"]
[Black "Terkiewicz, Bruno"]
[Result "1-0"]
[WhiteElo "1697"]
[BlackElo "1769"]
[PlyCount "55"]
[EventDate "2023.01.13"]
[EventType "tourn"]
[EventRounds "1"]
[EventCountry "POL"]
[SourceDate "2023.01.12"]

1. d4 Nf6 2. c4 e6 3. Nc3 Bb4 4. Bg5 c5 5. d5 O-O 6. e4 exd5 7. cxd5 h6 8. Bxf6
Qxf6 9. Qc2 Re8 10. f3 d6 11. O-O-O a6 12. h4 Nd7 13. g4 Ne5 14. Be2 Ng6 15.
Nh3 Qxh4 16. Kb1 Ne5 17. Rdg1 Qe7 18. f4 Ng6 19. f5 Nh4 20. f6 Qxf6 21. g5 hxg5
22. Nxg5 Re5 23. Qd2 Ng6 24. Bh5 Bxc3 25. bxc3 Nh8 26. Nh7 Qe7 27. Qh6 f5 28.
Nf6+ 1-0

[Event "271th YMCA Winter A"]
[Site "Warsaw"]
[Date "2023.03.21"]
[Round "9"]
[White "Polak, Michal"]
[Black "Szymkiewicz, Witold"]
[Result "0-1"]
[WhiteElo "1929"]
[BlackElo "1697"]
[PlyCount "126"]
[EventDate "2023.01.13"]
[EventType "tourn"]
[EventRounds "1"]
[EventCountry "POL"]
[SourceDate "2023.01.12"]

1. d4 d5 2. Nf3 Nf6 3. g3 g6 4. Bg2 Bg7 5. O-O O-O 6. c4 c6 7. Nc3 dxc4 8. Ne5
Nd5 9. Nxc4 Nxc3 10. bxc3 Nd7 11. e4 Nb6 12. Ne3 Qc7 13. a4 Rd8 14. a5 Nd7 15.
Nc4 c5 16. d5 Bxc3 17. Ra3 Bd4 18. Bf4 Ne5 19. Qe2 Rb8 20. Rd1 f6 21. Qa2 Kg7
22. h4 h6 23. Bxe5 Bxe5 24. Nxe5 Qxe5 25. f4 Qc7 26. e5 fxe5 27. Qa1 Kh7 28.
fxe5 Bf5 29. Rf1 Rf8 30. h5 c4 31. Raf3 Qc5+ 32. Kh2 e6 33. d6 gxh5 34. Bh3 Kg6
35. Qc3 b5 36. axb6 axb6 37. Qe1 Ra8 38. Bxf5+ Rxf5 39. Rxf5 exf5 40. Rf2 Ra1
41. Qe2 Qd5 42. Rf1 Rxf1 43. Qxf1 Qxe5 44. Qd1 Qe8 45. d7 Qd8 46. Qd6+ Kf7 47.
Kg2 c3 48. Qc6 Ke7 49. Qxc3 Qxd7 50. Qg7+ Kd8 51. Qxh6 b5 52. Qxh5 Kc7 53. Qh4
Kb6 54. Qb4 Qd5+ 55. Kh2 Qc5 56. Qf4 b4 57. Qb8+ Ka5 58. Qa8+ Kb5 59. Qe8+ Kc4
60. Qe2+ Kb3 61. Kh3 Qc2 62. Qb5 Qe4 63. Qb6 Qh1# 0-1

[Event "271th YMCA Winter A"]
[Site "Warsaw"]
[Date "2023.03.10"]
[Round "9"]
[White "Rylski, Tadeusz"]
[Black "Tsiapko, Andrii"]
[Result "0-1"]
[WhiteElo "1800"]
[BlackElo "1651"]
[PlyCount "70"]
[EventDate "2023.01.13"]
[EventType "tourn"]
[EventRounds "1"]
[EventCountry "POL"]
[SourceDate "2023.01.12"]

1. d4 d5 2. c4 e6 3. Nc3 Nf6 4. cxd5 exd5 5. Bg5 Be7 6. e3 c6 7. Bd3 Nbd7 8.
Nf3 Nh5 9. Bxe7 Qxe7 10. O-O O-O 11. Ne5 g6 12. Nxd7 Bxd7 13. Rb1 f5 14. b4 f4
15. e4 f3 16. g3 Nf4 17. exd5 Nxd3 18. Qxd3 Bf5 19. Qc4 Bxb1 20. dxc6+ Qf7 21.
Qxf7+ Rxf7 22. cxb7 Rxb7 23. Rxb1 Rc8 24. Nd5 Rd8 25. Ne3 Rxd4 26. a3 Rd3 27.
Ra1 Rb6 28. Nc4 Rc6 29. Ne3 Rcc3 30. a4 Ra3 31. Rc1 Rxa4 32. Rc8+ Kf7 33. h4
Ra1+ 34. Kh2 Rxe3 35. fxe3 f2 0-1

[Event "271th YMCA Winter A"]
[Site "Warsaw"]
[Date "2023.03.09"]
[Round "9"]
[White "Safanowski, Tomasz"]
[Black "Mazurek, Jerzy"]
[Result "1/2-1/2"]
[WhiteElo "1704"]
[BlackElo "1715"]
[PlyCount "23"]
[EventDate "2023.01.13"]
[EventType "tourn"]
[EventRounds "1"]
[EventCountry "POL"]
[SourceDate "2023.01.12"]

1. Nf3 Nf6 2. d4 d5 3. e3 c5 4. Bd3 Nc6 5. b3 cxd4 6. exd4 Bg4 7. Bb2 Qa5+ 8.
Bc3 Qb6 9. O-O e6 10. a3 Bd6 11. Nbd2 O-O 12. Bb2 $11 1/2-1/2

[Event "271th YMCA Winter A"]
[Site "Warsaw"]
[Date "2023.03.23"]
[Round "9"]
[White "Sternik, Piotr"]
[Black "Choroszej, Aleksander"]
[Result "1/2-1/2"]
[WhiteElo "1793"]
[BlackElo "2036"]
[PlyCount "74"]
[EventDate "2023.01.13"]
[EventType "tourn"]
[EventRounds "1"]
[EventCountry "POL"]
[SourceDate "2023.01.12"]

1. d4 g6 2. c4 Bg7 3. Nc3 d6 4. e4 Nf6 5. Be2 O-O 6. Nf3 Nbd7 7. O-O e5 8. dxe5
dxe5 9. Qc2 c6 10. h3 Qe7 11. Be3 Nh5 12. Rfe1 Nc5 13. b4 Ne6 14. Rab1 Nd4 15.
Bxd4 exd4 16. Na4 b6 17. c5 b5 18. Nb2 Nf4 19. Bf1 a5 20. a4 axb4 21. axb5 cxb5
22. Nd3 Nxd3 23. Bxd3 Ra3 24. Rxb4 Rc3 25. Qe2 Qxc5 26. Rxb5 Qa3 27. Rbb1 Be6
28. Ra1 Qc5 29. e5 Re8 30. Qd2 Bd5 31. Be4 Bxe4 32. Rxe4 d3 33. Qf4 Qd5 34. Rd4
Bxe5 35. Nxe5 Qxe5 36. Qxe5 Rxe5 37. Rd1 Rf5 $11 1/2-1/2

[Event "271th YMCA Winter A"]
[Site "Warsaw"]
[Date "2023.03.07"]
[Round "9"]
[White "Pettersson, Alexander"]
[Black "Kasperkiewicz, Pawel"]
[Result "0-1"]
[WhiteElo "1878"]
[BlackElo "1894"]
[PlyCount "70"]
[EventDate "2023.01.13"]
[EventType "tourn"]
[EventRounds "1"]
[EventCountry "POL"]
[SourceDate "2023.01.12"]

1. d4 e6 2. c4 b6 3. a3 Bb7 4. Nc3 Nf6 5. Nf3 Be7 6. Bg5 Ne4 7. Bxe7 Qxe7 8.
Rc1 O-O 9. e3 d6 10. Nxe4 Bxe4 11. Be2 e5 12. O-O Nd7 13. b4 c5 14. bxc5 bxc5
15. dxe5 dxe5 16. Qa4 Rfc8 17. Rfd1 Bc6 18. Qa5 e4 19. Nd2 Ne5 20. Nf1 Rab8 21.
Ng3 g6 22. Rd2 h5 23. h3 h4 24. Nf1 Nf3+ 25. Bxf3 exf3 26. g4 hxg3 27. fxg3 Rd8
28. Rcd1 Rxd2 29. Rxd2 Rb1 30. Qd8+ Qxd8 31. Rxd8+ Kg7 32. Kf2 Ra1 33. Rc8 Ra2+
34. Ke1 f2+ 35. Kd1 Bf3+ 0-1

[Event "271th YMCA Winter A"]
[Site "Warsaw"]
[Date "2023.03.17"]
[Round "10"]
[White "Choroszej, Aleksander"]
[Black "Pettersson, Alexander"]
[Result "1/2-1/2"]
[WhiteElo "2036"]
[BlackElo "1878"]
[PlyCount "62"]
[EventDate "2023.01.13"]
[EventType "tourn"]
[EventRounds "1"]
[EventCountry "POL"]
[SourceDate "2023.01.12"]

1. d4 d5 2. c4 e6 3. Nc3 Nf6 4. Nf3 Nbd7 5. Bf4 dxc4 6. e3 b5 7. Nxb5 Bb4+ 8.
Nd2 Ne4 9. Nc3 Bxc3 10. bxc3 Nxc3 11. Qf3 Nd5 12. Bxc4 N7b6 13. Bb5+ Bd7 14.
Bxd7+ Qxd7 15. O-O Nxf4 16. Qxf4 O-O 17. Rfc1 Rfc8 18. Ne4 Nd5 19. Qe5 Rab8 20.
a4 Qe7 21. Nc5 Nf6 22. h3 Qd6 23. Qg5 h6 24. Qh4 Rb6 25. a5 Rb2 26. Rab1 Rcb8
27. Rxb2 Rxb2 28. Ne4 Nxe4 29. Qxe4 a6 30. Qc6 Rb5 31. Qa8+ Kh7 $11 1/2-1/2

[Event "271th YMCA Winter A"]
[Site "Warsaw"]
[Date "2023.03.21"]
[Round "10"]
[White "Mazurek, Jerzy"]
[Black "Sternik, Piotr"]
[Result "1/2-1/2"]
[WhiteElo "1715"]
[BlackElo "1793"]
[PlyCount "73"]
[EventDate "2023.01.13"]
[EventType "tourn"]
[EventRounds "1"]
[EventCountry "POL"]
[SourceDate "2023.01.12"]

1. e4 c5 2. Nf3 g6 3. d4 cxd4 4. Nxd4 Bg7 5. c4 Nc6 6. Be3 Nf6 7. Nc3 Ng4 8.
Qxg4 Bxd4 9. Bxd4 Nxd4 10. Qd1 Nc6 11. Qd2 O-O 12. h4 h5 13. g4 Qa5 14. gxh5
Qxh5 15. Be2 Qe5 16. O-O-O d6 17. f4 Qg7 18. h5 Bd7 19. Rhg1 Rac8 20. Kb1 Rfd8
21. hxg6 fxg6 22. Bh5 Be8 23. Rg5 e6 24. f5 Ne5 25. Bxg6 Bxg6 26. Qg2 exf5 27.
exf5 Bxf5+ 28. Ka1 Bg6 29. Rf1 Rf8 30. Qd5+ Rf7 31. Ne4 Rc6 32. Nf6+ Kf8 33.
Qe6 Re7 34. Nh5+ Rf7 35. Nf6 Re7 36. Nh5+ Rf7 37. Nf6 $11 1/2-1/2